|
|
|
|
| LEADER |
00000naa0a2200000 4500 |
| 001 |
662688 |
| 005 |
20250812134651.0 |
| 035 |
|
|
|a (RuTPU)RU\TPU\network\33843
|
| 035 |
|
|
|a RU\TPU\network\33842
|
| 090 |
|
|
|a 662688
|
| 100 |
|
|
|a 20200923d2020 k y0rusy50 ca
|
| 101 |
0 |
|
|a rus
|
| 102 |
|
|
|a RU
|
| 135 |
|
|
|a drcn ---uucaa
|
| 181 |
|
0 |
|a i
|
| 182 |
|
0 |
|a b
|
| 200 |
1 |
|
|a Реализация образовательной программы по направлению «Техносферная безопасность» в Томском политехническом университете
|f Е. С. Люкию, Е. Д. Савченко, А. Н. Вторушина
|
| 203 |
|
|
|a Текст
|c электронный
|
| 300 |
|
|
|a Заглавие с экрана
|
| 320 |
|
|
|a [Библиогр.: с. 509 (1 назв.)]
|
| 461 |
|
|
|t Интеграция науки, образования и производства – основа реализации Плана нации (Сагиновские чтения №12)
|o труды Международной научно-практической online конференции, 18-19 Июня 2020 г., г. Караганда
|o в 2 ч.
|f Карагандинский государственный технический университет (КарГТУ)
|d 2020
|
| 463 |
|
|
|t Ч. 1
|v [С. 507-509]
|d 2020
|
| 610 |
1 |
|
|a электронный ресурс
|
| 610 |
1 |
|
|a труды учёных ТПУ
|
| 700 |
|
1 |
|a Люкию
|b Е. С.
|c специалист в области охрны труда и техносферной безопасности
|c инженер-исследователь Томского политехнического университета
|f 1999-
|g Елена Сергеевна
|3 (RuTPU)RU\TPU\pers\47097
|
| 701 |
|
1 |
|a Савченко
|b Е. Д.
|g Екатерина Дмитриевна
|
| 701 |
|
1 |
|a Вторушина
|b А. Н.
|c специалист в области экологии и безопасности жизнедеятельности
|c доцент Томского политехнического университета, кандидат химических наук
|f 1981-
|g Анна Николаевна
|3 (RuTPU)RU\TPU\pers\28245
|9 13198
|
| 712 |
0 |
2 |
|a Национальный исследовательский Томский политехнический университет
|b Инженерная школа неразрушающего контроля и безопасности
|b Отделение контроля и диагностики
|3 (RuTPU)RU\TPU\col\23584
|
| 801 |
|
2 |
|a RU
|b 63413507
|c 20220216
|g RCR
|
| 856 |
4 |
|
|u https://www.kstu.kz/wp-content/uploads/2020/08/Sbornik-chast-1-2020.pdf#page=507
|
| 942 |
|
|
|c CF
|